Fire Emblem characters by starting class - Statistics

General Stats
  • This quiz has been taken 99 times
  • The average score is 26 of 30
Answer Stats
Question Answer % Correct
Roy Lord
100%
Sain Cavalier
96%
Henry Dark Mage
96%
Illyana Mage
96%
Erk Mage
96%
Florina Pegasus Knight
96%
Pent Sage
96%
Gray Villager
96%
Libra War Monk
96%
Gordin Archer
93%
Hawkeye Berserker
93%
Oswin Knight
93%
Raven Mercenary
93%
Rutger Myrmidon
93%
Marcus Paladin
93%
Sumia Pegasus Knight
93%
Gaius Thief
93%
Leonardo Archer
89%
Leo Dark Knight
89%
Catria Pegasus Knight
89%
Python Archer
85%
Wallace Knight
85%
Niles Outlaw
85%
Lukas Soldier
85%
Azura Songstress
85%
Lucius Monk
78%
Rennac Rogue
74%
Dagdar Warrior
67%
Tatiana Saint
52%
Merlinus Transporter
48%
No matching quizzes found
Score Distribution
Percent of People with Each Score
Percentile by Number Answered
Your Score History
You have not taken this quiz